Residential property forecast (Record no. 70946)

MARC details
000 -LEADER
fixed length control field 01022cam a2200217 4500
001 - CONTROL NUMBER
control field WB3830-11
008 - FIXED-LENGTH DATA ELEMENTS--GENERAL INFORMATION
fixed length control field 020814n2002 000 0 eng u
035 ## - SYSTEM CONTROL NUMBER
System control number (Sirsi) u119326
245 ## - TITLE STATEMENT
Title Residential property forecast
260 ## - PUBLICATION, DISTRIBUTION, ETC.
Date of publication, distribution, etc. 2002
490 ## - SERIES STATEMENT
Series statement RICS Economic Forecasts
Volume/sequential designation August 2002, (3)
520 ## - SUMMARY, ETC.
Summary, etc. Latest residential property forecast for the UK shows house prices expected to rise 19% in 2002 with prices increasingly stretched relative to incomes. A shortfall in house building has led high income households to drive prices up. Warns that there is a general risk of an economic slowdown in the UK economy following a marked drop in the stockmarket. For the economic forecast: http://www.rics.org.uk/downloads/res_forecasts_Aug2002.pdf
590 ## - LOCAL NOTE (RLIN)
Local note WB
650 ## - SUBJECT ADDED ENTRY--TOPICAL TERM
Topical term or geographic name entry element ECONOMIC FORECASTS
650 ## - SUBJECT ADDED ENTRY--TOPICAL TERM
Topical term or geographic name entry element RESIDENTIAL PROPERTY
9 (RLIN) 6266
650 ## - SUBJECT ADDED ENTRY--TOPICAL TERM
Topical term or geographic name entry element INTEREST RATES
650 ## - SUBJECT ADDED ENTRY--TOPICAL TERM
Topical term or geographic name entry element HOUSE PRICES
650 ## - SUBJECT ADDED ENTRY--TOPICAL TERM
Topical term or geographic name entry element STOCK MARKET
690 ## - LOCAL SUBJECT ADDED ENTRY--TOPICAL TERM (OCLC, RLIN)
Topical term or geographic name as entry element PROPERTY-RESIDENTIAL PROPERTY-RESIDENTIAL PROPERTY MARKET
942 ## - ADDED ENTRY ELEMENTS (KOHA)
Suppress in OPAC 0
Holdings
Withdrawn status Lost status Source of classification or shelving scheme Damaged status Not for loan Home library Current library Shelving location Date acquired Total Checkouts Full call number Barcode Date last seen Copy number Price effective from Koha item type
    Dewey Decimal Classification     London London News article 14/08/2002   WB3830-11 119326-1001 06/08/2019 1 06/08/2019 News article